Normal view
MARC view
- DATA MINING.DATA MINING TECHNIQUES
Entry Topical Term
001 - CONTROL NUMBER
- control field: 68651
003 - CONTROL NUMBER IDENTIFIER
- control field: NUST
005 - DATE AND TIME OF LATEST TRANSACTION
- control field: 20210628204101.0
008 - FIXED-LENGTH DATA ELEMENTS
- fixed length control field: 210628|| aca||aabn | a|a d
040 ## - CATALOGING SOURCE
- Original cataloging agency: NUST
- Transcribing agency: NUST
150 ## - HEADING--TOPICAL TERM
- Topical term or geographic name entry element: DATA MINING.DATA MINING TECHNIQUES
670 ## - SOURCE DATA FOUND
- Source citation: Work cat.: (NUST): Linoff, Gordon.S , Berry, Michael .J.A 68650, Data mining techniques , for marketing, sales, and customer relationship management, 2012
